Half asleep in frog pajamas
Saved in:
| Main Author: | |
|---|---|
| Format: | Book |
| Language: | English |
| Published: |
New York
Bantam Books
1994
|
| Subjects: | |
| Tags: |
Add Tag
No Tags, Be the first to tag this record!
|
| Institutions: | Trung tâm Học liệu Lê Vũ Hùng, Trường Đại học Đồng Tháp |
|---|
| LEADER | 00693pam a22002418a 4500 | ||
|---|---|---|---|
| 001 | 00024034 | ||
| 005 | 20171026081025.0 | ||
| 008 | 110711s1994 ||||||engsd | ||
| 020 | # | # | |a 0 553 84003 7 |
| 041 | 0 | # | |a eng |
| 082 | 1 | 4 | |a 813 |b H100L |
| 100 | 1 | # | |a Robbins, Tom |d 1936- |
| 245 | 1 | 0 | |a Half asleep in frog pajamas |c Tom Robbins |
| 260 | # | # | |a New York |b Bantam Books |c 1994 |
| 300 | # | # | |a 386 p. |c 24 cm |
| 650 | # | 4 | |a Stockbrokers |
| 653 | # | # | |a Mỹ |
| 653 | # | # | |a Truyện ngắn |
| 653 | # | # | |a Văn học |
| 852 | # | # | |b Kho đọc |j KD.0008598 |
| 852 | # | # | |j KD.0008598 |
| 910 | 0 | # | |a Ntuyet |d 11/07/2011 |
| 980 | # | # | |a Trung tâm Học liệu Lê Vũ Hùng, Trường Đại học Đồng Tháp |